Advanced level Physics / (Record no. 229)

000 -LEADER
fixed length control field 00514nam a2200181Ia 4500
008 - FIXED-LENGTH DATA ELEMENTS--GENERAL INFORMATION
fixed length control field 190805s9999||||xx |||||||||||||| ||und||
020 ## - INTERNATIONAL STANDARD BOOK NUMBER
International Standard Book Number 9788123904009
Terms of availability Rs. 295.00
082 04 - DEWEY DECIMAL CLASSIFICATION NUMBER
Classification number 530
Item number N323
100 1# - MAIN ENTRY--PERSONAL NAME
Personal name Nelkon, Michael
245 10 - TITLE STATEMENT
Title Advanced level Physics /
250 ## - EDITION STATEMENT
Edition statement 7th ed.
260 ## - PUBLICATION, DISTRIBUTION, ETC. (IMPRINT)
Place of publication, distribution, etc New Delhi :
Name of publisher, distributor, etc CBS Publishers,
Date of publication, distribution, etc 1995
300 ## - PHYSICAL DESCRIPTION
Extent xv, 927 p.
Other physical details : ill.
Dimensions ; 21.5 cm.
650 #0 - SUBJECT ADDED ENTRY--TOPICAL TERM
Topical term or geographic name as entry element Physics
700 1# - ADDED ENTRY--PERSONAL NAME
Personal name Parker, Philip
852 ## - LOCATION/CALL NUMBER
Location
942 ## - ADDED ENTRY ELEMENTS (KOHA)
Item type Books
Holdings
Withdrawn status Lost status Damaged status Not for loan Collection code Permanent location Current location Shelving location Date acquired Source of acquisition Cost, normal purchase price Total Checkouts Full call number Barcode Date last seen Date last borrowed Koha item type Public note
        Physics IMU Kochi Library IMU Kochi Library General Stacks 2017-07-03 Sri Vani Book Agency 295.00 5 530 N323 BK004068 2023-02-21 2023-02-21 Books Gen. Shelf-9, Row-4


Copyright © All Rights Reserved by Indian Maritime University, Kochi Campus.
For any Suggestions/Query Contact to library or Email: library.kochi@imu.ac.in Ph:(0484)-2989402
(Web OPAC Designed by Rudra Ranjan. Maintained by IMU Kochi Library)

Powered by Koha